Polyfunkčný obytný komplex - Nové Centrum - Bratislava, Petržalka

Salvato in:
Dettagli Bibliografici
Autore principale: Gašpar, Martin (Autore)
Altri autori: Selcová, Ľubica (Relatore della tesi)
Natura: Manoscritto Libro
Lingua:slovacco
Pubblicazione: Bratislava 2019
Soggetti:
Accesso online:http://is.stuba.sk/zp/portal_zp.pl?podrobnosti=146857
Tags: Aggiungi Tag
Nessun Tag, puoi essere il primo ad aggiungerne!!

MARC

LEADER 00000ntm a22000003a 4500
001 stuzp72858
003 SK-STU
005 20200910094716.6
007 ta
008 150427s2015----xo-----f-mn---000-0-slo-d
040 |a STU  |b slo 
041 0 |a slo 
100 1 |a Gašpar, Martin  |u 051110  |k Z4  |4 aut  |U FAD Fakulta architektúry  |T FA Ústav architektúry obytných budov  |X 57931  |U A1110  |Y 392  |7 57931 
242 0 1 |a Polyfunctional Residential Complex - Nove centrum-Bratislava, Petržalka  |y eng 
245 1 0 |a Polyfunkčný obytný komplex - Nové Centrum - Bratislava, Petržalka 
260 |c 2019  |a Bratislava 
650 4 |a bývanie  |2 slo 
650 4 |a bytový dom  |2 slo 
650 4 |a polyfunkčný komplex  |2 slo 
650 4 |a housing  |2 eng 
650 4 |a residential building  |2 eng 
650 4 |a polyfunctional complex  |2 eng 
700 1 |a Selcová, Ľubica  |u 051110  |k Z1  |4 ths  |U FAD Fakulta architektúry  |T FA Ústav architektúry obytných budov  |X 4198  |U A1110  |Y 392  |7 A000004198 
856 4 |u http://is.stuba.sk/zp/portal_zp.pl?podrobnosti=146857  |u https://opac.crzp.sk/?fn=detailBiblioForm&sid=9F8942B94996237AABF919F666DC